000 00313nam a22001217a 4500
008 181126b xxu||||| |||| 00| 0 eng d
041 _aeng
080 _a043.3
100 _a0
101 _aMTH-SHKI
245 _aApplication of Machine Learning in. Net Programming for Data Analysis
_cGashi, K
942 _2udc
_cBK
999 _c52539
_d52539